00365 2200145 4500001002100000005001500021035002000036245005600056100002800112300001100140260003400151082000800185084001400193990001200207INLIS00000000000170220250430100442 a0010-04250001181 aKBJ ( Kawruh Basa Jawa ) /cTim Pangripta Basa Jawa0 aTim Pangripta Basa Jawa a74 hlm aSurakarta :bSinduraya,c2023 a418 a418 TIM k a0754638